00417nam a2200181Ia 4500008004100000041001200041082001100053082001100064100001800075100001100093245003100104260001300135260002100148260000900169300001500178365002500193650001700218150901s9999 xx 000 0 und d aEnglish a632.58 bTEB/MI aTebeest D O  eEditor aMicronial control of weeds aNew York bChapman And Hall c1991 a284 Pages aU.K.P 42.50  aWeed science